Coffin-Lowryho syndróm u dvoch súrodencov

Bibliographic Details
Main Authors: Tomo, I. (Author), Pagáčová, E. (Author), Tomo, I. jun (Author), Tomová, S. (Author), Barteková-Tomová, S. (Author)
Format: Article
Language:Slovak
ISBN:8096831445

MARC

LEADER 00000naa a2200000uu 4500
001 vtls011073809
003 SK-MaSNL
005 20260302143329.0
008 210908|2002 xo |||||||||||||||||slo|
015 |a SNBRA 
035 |a (urnnbn)urn:nbn:sk:snk:ar-a0ccr2 
035 |a (uuid)21344f34-8196-41b4-a555-697a3d1e56f0 
035 |a urn:nbn:sk:snk-aaviyz 
040 |a SNKBUCL  |b slo  |c SNKBUCL  |e AACR2 
041 0 |a slo 
044 |a xo  |c SK 
100 1 |a Tomo, I.  |4 aut  |9 783730 
245 1 0 |a Coffin-Lowryho syndróm u dvoch súrodencov  |c I. TOMO, E. PAGÁČOVÁ, I. TOMO JUN., S. BARTEKOVÁ-TOMOVÁ, S. TOMOVÁ 
700 1 |a Pagáčová, E.  |4 aut  |9 783731 
700 1 |a Tomo, I. jun.  |4 aut  |9 788304 
700 1 |a Tomová, S.  |4 aut  |9 833240 
700 1 |a Barteková-Tomová, S.  |4 aut  |9 832841 
773 0 |t Pokroky biomedicínskych vied na prahu nového milénia  |d Bratislava : Slovenská biologická spoločnosť SAV, 2002  |g S. 33-34  |z 8096831445 
958 |a OND 
958 |a article12 
958 |a chapter 
999 |c 1343887  |d 1345817